000
00291nam a22001337a 4500
008
170519b xxu||||| |||| 00| 0 eng d
020
_a
9780802150424
041
_a
eng
080
_a
94
100
_a
16
101
_a
SHH
245
_a
THE LABYRINTH OF SOLUTIDE
_c
PAZ, O
942
_2
udc
_c
BK
999
_c
13571
_d
13571